=LDR 00000nam 2200000 4500 =001 INLIS000000000054572 =005 20200213022654 =035 ##$$a 0010-0220000134 =007 ta =008 200213###########################0#ind## =020 ##$$a 978-979-055-530-3 =082 ##$$a 297.73 =084 ##$$a 297.73 Sri c =245 1#$$a Ciptaan Allah yang disebut dalam Al-qur'an /$c Sri Al Hidayati =250 ##$$a Cet.3 =300 ##$$a iii, 29 halaman : $b Ilustrasi ; $c 27 Cm. =650 #4$$a Pendidikan Islam =700 #$$a Editor : Abdul Wahab =264 ##$$a Bandung :$b Sigma Kaya Imaji,$c 2018 =336 ##$$a teks$2 rdacontent =337 ##$$a lain-lain$2 rdamedia =338 ##$$a lain-lain$2 rdacarrier =990 ##$$a 03880388 =990 ##$$a 03880388